| 000 | 00638nam a2200241Ia 4500 | ||
|---|---|---|---|
| 001 | 46008 | ||
| 005 | 20240114003735.0 | ||
| 007 | ta | ||
| 008 | 090324s1913 a g b000 u 465 u | ||
| 020 | _cHB | ||
| 040 | _aCotton College,Assam | ||
| 041 | _a465 | ||
| 082 |
_a636.5 _bL 586 P |
||
| 100 | _aLewis, Harry R. . | ||
| 245 | 0 |
_aProductive Poultry Husbandry / _cHarry R. Lewis. _hTextual Documents |
|
| 250 | _a1st / | ||
| 260 |
_aChicago : _bJ. B. Lippincott Company , _c1913. |
||
| 300 |
_axliv,588 : _bill. ; _c23 cm. . |
||
| 653 | _aT/G-Sculpture | ||
| 942 |
_2ddc _cBK |
||
| 999 |
_c45973 _d45973 |
||